Valencia monumental / (Registro nro. 177221)
[ vista simple ]
| 000 -LEADER | |
|---|---|
| campo de control de longitud fija | 00749nam a22002175i 4500 |
| 001 - NÚMERO DE CONTROL | |
| campo de control | 177221 |
| 003 - IDENTIFICADOR DE NÚMERO DE CONTROL | |
| campo de control | ES-MaACL |
| 005 - FECHA Y HORA DE LA ÚLTIMA TRANSACCIÓN | |
| campo de control | 20230906220259.0 |
| 008 - DATOS DE LONGITUD FIJA--INFORMACIÓN GENERAL | |
| campo de control de longitud fija | 110309s1959 sp o |||| | spa d |
| 080 ## - NÚMERO DE LA CLASIFICACIÓN DECIMAL UNIVERSAL | |
| Número de la Clasificación Decimal Universal | 725.94(460.313 V.) |
| 100 1# - ENTRADA PRINCIPAL--NOMBRE DE PERSONA | |
| Nombre de persona | Garín Ortiz de Taranco, Felipe María. |
| 9 (RLIN) | 55562 |
| 245 10 - MENCIÓN DEL TÍTULO | |
| Título | Valencia monumental / |
| Mención de responsabilidad, etc. | por F. Mª Garín Ortiz de Taranco. |
| 260 ## - PUBLICACIÓN, DISTRIBUCIÓN, ETC. | |
| Lugar de publicación, distribución, etc. | Madrid : |
| Nombre del editor, distribuidor, etc. | Plus-Ultra, |
| Fecha de publicación, distribución, etc. | D. L. 1959. |
| 300 ## - DESCRIPCIÓN FÍSICA | |
| Extensión | 158 p. : |
| Otras características físicas | fot. bl. y n. ; |
| Dimensiones | 22 cm. |
| 490 1# - MENCIÓN DE SERIE | |
| Mención de serie | Los monumentos cardinales de España ; |
| Designación de volumen o secuencia | 22 |
| 504 ## - NOTA DE BIBLIOGRAFÍA, ETC. | |
| Nota de bibliografía, etc. | Bibliografía: p. 157-158. |
| 650 04 - PUNTO DE ACCESO ADICIONAL DE MATERIA--TÉRMINO DE MATERIA | |
| Término de materia o nombre geográfico como elemento de entrada | Monumentos- |
| Subdivisión geográfica | Valencia. |
| 9 (RLIN) | 15186 |
| 830 0# - PUNTO DE ACCESO ADICIONAL DE SERIE-TÍTULO UNIFORME | |
| Título uniforme | Los monumentos cardinales de España ; |
| Designación de volumen o secuencia | 22 |
| 9 (RLIN) | 190368 |
| 852 ## - LOCALIZACIÓN | |
| Ubicación | ES-MaACL |
| Número de control de estantería | E-14635 |
| Encuadernación | Olim P-1021 |
| Estatus retirado | Estado de pérdida | Estado de daño | No para préstamo | Biblioteca de origen | Biblioteca actual | Ubicación en estantería | Fecha de adquisición | Fuente de adquisición | Total de préstamos | Signatura topográfica completa | Código de barras | Visto por última vez | Precio de reemplazo | Tipo de ítem Koha |
|---|---|---|---|---|---|---|---|---|---|---|---|---|---|---|
| Biblioteca del Ateneo de Madrid | Biblioteca del Ateneo de Madrid | Depósito 2 | 09/03/2011 | E-14635 | 1186130 | 23/02/2023 | 23/02/2023 | Libro impreso |
